Hãy đến với thế giới của máy vi tính = Come to the world of microcomputers Mạng và truyền thông dữ liệu = Networks and database magagement software (Song ngữ Anh Việt)

保存先:
書誌詳細
フォーマット: 図書
言語:Undetermined
出版事項: Tp. HCM Thống Kê 2002
主題:
タグ: タグ追加
タグなし, このレコードへの初めてのタグを付けませんか!
Thư viện lưu trữ: Trung tâm Học liệu Trường Đại học Cần Thơ
LEADER 00691nam a2200181Ia 4500
001 CTU_53819
008 210402s9999 xx 000 0 und d
020 |b 39000 
082 |a 004.16 
082 |b H112 
245 0 |a Hãy đến với thế giới của máy vi tính = Come to the world of microcomputers 
245 0 |b Mạng và truyền thông dữ liệu = Networks and database magagement software (Song ngữ Anh Việt) 
245 0 |c Biên dịch Nguyễn Thế Hùng 
260 |a Tp. HCM 
260 |b Thống Kê 
260 |c 2002 
650 |a computer network,data tranmission systems 
980 |a Trung tâm Học liệu Trường Đại học Cần Thơ